Study guide and Laboratory Exercises for Technology for diagnostic sonography / (Record no. 12944)

MARC details
000 -LEADER
fixed length control field 03876cam a2200349 a 4500
001 - CONTROL NUMBER
control field 758943136
003 - CONTROL NUMBER IDENTIFIER
control field OCoLC
005 - DATE AND TIME OF LATEST TRANSACTION
control field 20250415081014.0
008 - FIXED-LENGTH DATA ELEMENTS--GENERAL INFORMATION
fixed length control field 111019t20132013moua 001 0 eng
010 ## - LIBRARY OF CONGRESS CONTROL NUMBER
LC control number 2011043781
016 7# - NATIONAL BIBLIOGRAPHIC AGENCY CONTROL NUMBER
Record control number 101571341
Source DNLM
020 ## - INTERNATIONAL STANDARD BOOK NUMBER
International Standard Book Number 97803223081979(pbk. : alk. paper)
020 ## - INTERNATIONAL STANDARD BOOK NUMBER
International Standard Book Number 9780323081979(pbk. : alk. paper)
040 ## - CATALOGING SOURCE
Original cataloging agency BSULIB
Language of cataloging eng
Transcribing agency DLC
Modifying agency BSU
-- BSU
-- BSU
-- BSU
-- BSU
-- BSU
-- BSU
-- BSU
-- BSU
-- BSU
042 ## - AUTHENTICATION CODE
Authentication code pcc
082 ## - DEWEY DECIMAL CLASSIFICATION NUMBER
Classification number 616.07543
Item number HED
100 1# - MAIN ENTRY--PERSONAL NAME
Personal name Hedrick, Wayne R.
9 (RLIN) 25144
245 10 - TITLE STATEMENT
Title Study guide and Laboratory Exercises for Technology for diagnostic sonography /
Statement of responsibility, etc Wayne R. Hedrick
260 ## - PUBLICATION, DISTRIBUTION, ETC. (IMPRINT)
Place of publication, distribution, etc USA
Name of publisher, distributor, etc Jeanne Olson
Date of publication, distribution, etc c 2013
300 ## - PHYSICAL DESCRIPTION
Extent viii, 194 pages :
Other physical details illustrations (some color) ;
Dimensions 28 cm
500 ## - GENERAL NOTE
General note Includes index
504 ## - BIBLIOGRAPHY, ETC. NOTE
Bibliography, etc Includes bibliographical references and index
505 0# - FORMATTED CONTENTS NOTE
Formatted contents note Properties of sound waves -- Interactions -- Intensity and power -- Single element transducers : properties -- Single element transducers : transmission and echo reception -- Static imaging principles and instrumentation -- Image formation in real-time imaging -- Real-time ultrasound transducers -- Real-time ultrasound instrumentation -- Digital signal and image processing -- Image quality -- Image artifacts -- Doppler physics and instrumentation -- Doppler spectral analysis -- Color doppler imaging -- M-mode scanning -- Clinical safety -- Performance testing
520 ## - SUMMARY, ETC.
Summary, etc Overview: Gain a complete understanding of sonography physics and instrumentation related to clinical practice. Technology for Diagnostic Sonography provides clear, in-depth coverage of physics principles, ultrasound transducers, pulse echo instrumentation, Doppler instrumentation, clinical safety, and quality control. It includes the latest information on real-time imaging techniques, plus a comprehensive discussion of image artifacts. With wide-ranging online review questions, it also offers ample opportunities to assess your learning progress. Written by sonography and testing expert Wayne Hedrick, Technology for Diagnostic Sonography simplifies this difficult topic and allows you to demonstrate your knowledge of physics and instrumentation on exams with the ultimate goal of preparing you for success in clinical practice. A focus on essential physics and instrumentation provides the exact technical content you need to prepare for clinical sonography practice. Accessible, conversational writing style with real-world analogies explains physics concepts and makes this difficult topic less intimidating. Examples and sample problems help you make the connection between theory and practical applications. The latest information on equipment and scanning methods ensures an understanding of how to competently and safely use ultrasound instrumentation. Comprehensive discussion of image artifacts with illustrative examples helps you recognize and eliminate artifacts. Detailed description of performance testing with tissue mimicking phantoms allows assessment of the proper operation of B-mode scanners. Practical guidance on the clinical use of mechanical index and thermal index enables practice of the ALARA principle when scanning patients. Full-color format shows scans as they appear in the clinical setting. Key terms and other learner-friendly features focus your study on important information. Summaries of essential principles and equations reinforce the most important concepts. Extensive review questions on a companion Evolve website allow realistic assessment of your knowledge
650 #0 - SUBJECT ADDED ENTRY--TOPICAL TERM
Topical term or geographic name as entry element Diagnostic ultrasonic imaging.
9 (RLIN) 23528
650 #0 - SUBJECT ADDED ENTRY--TOPICAL TERM
Topical term or geographic name as entry element Ultrasonics in medicine.
9 (RLIN) 25145
650 #0 - SUBJECT ADDED ENTRY--TOPICAL TERM
Topical term or geographic name as entry element Diagnostic ultrasonic imaging
General subdivision Instruments.
9 (RLIN) 25146
650 12 - SUBJECT ADDED ENTRY--TOPICAL TERM
Topical term or geographic name as entry element Ultrasonography
General subdivision methods.
9 (RLIN) 25147
650 22 - SUBJECT ADDED ENTRY--TOPICAL TERM
Topical term or geographic name as entry element Ultrasonics.
9 (RLIN) 7422
650 22 - SUBJECT ADDED ENTRY--TOPICAL TERM
Topical term or geographic name as entry element Ultrasonography
General subdivision instrumentation.
9 (RLIN) 25148
942 ## - ADDED ENTRY ELEMENTS (KOHA)
Source of classification or shelving scheme Dewey Decimal Classification
Koha item type Books
Holdings
Withdrawn status Lost status Source of classification or shelving scheme Damaged status Not for loan Home library Current library Shelving location Date acquired Source of acquisition Inventory number Total Checkouts Full call number Barcode Date last seen Price effective from Koha item type Public note
    Dewey Decimal Classification     Main Library Faculty of Nursing & Health Sciences Library Open Shelves 15/04/2025 Donation 35830   616.07543 HED bsu25040038 15/04/2025 15/04/2025 Books material available in hard copy
    Dewey Decimal Classification     Main Library Faculty of Nursing & Health Sciences Library Open Shelves 15/04/2025 Donation 35829   616.07543 HED bsu25040039 15/04/2025 15/04/2025 Books material available in hard copy
    Dewey Decimal Classification     Main Library Faculty of Nursing & Health Sciences Library Open Shelves 15/04/2025 Donation 35834   616.07543 HED bsu25040040 15/04/2025 15/04/2025 Books material available in hard copy
    Dewey Decimal Classification     Main Library Faculty of Nursing & Health Sciences Library Open Shelves 15/04/2025 Donation 35831   616.07543 HED bsu25040041 15/04/2025 15/04/2025 Books material available in hard copy
    Dewey Decimal Classification     Main Library Faculty of Nursing & Health Sciences Library Open Shelves 15/04/2025 Donation 35832   616.07543 HED bsu25040042 15/04/2025 15/04/2025 Books material available in hard copy

© 2017 Bishop Stuart University Library. All Rights Reserved.
Kakoba Campus, Plot 150 Buremba Road | P.O. Box 9, Mbarara, UGANDA | Tel: +256-772-463068
Email: library@bsu.ac.ug